000 02955ngm a2200481 4500
003 dpl
005 2008120304574.0
007 DVD
008 ||||||sp199 xxu|||||c ||| 00| 0 ng d
010 _aDVD-001358-1360 & DVD-004778-4780 & DVD-005667-5668
024 _aSHE DVD 121
_c99.00
035 _aDVD-001358-1360
035 _aDVD-004778-4780
035 _aDVD-005667-5668
040 _aDPL
_cDPL
082 _aDVD / KALA
245 _aKal Aaj Aur Kal
_cR. K. Films Presents
_h[videorecording] DVD/
260 _bShemaroo Video Pvt. Ltd.
300 _a1 videodisc DVD; (156 min.) :
_bsd., col. ;
_c4 3/4 in.
_fDVD
440 _aShemaroo Home Entertainment
500 _aRaj Kapoor Classics
538 _aDolby Digital 5.1 - Hindi Subtitles: English, Tamil, Telugu and Bengali
538 _aAnamorphic Wide Screen Format, Presented 2:35.1 Aspect Ratio Enhancaead for 16:9 Wide Screen
650 _aMotion Picture
700 _aKapoor, Raj
700 _aKapoor, Randhir
700 _aShankar Jaikishan
700 _aKapoor, Prithviraj
700 _aBabita
700 _a
942 _cCF
_2ddc
_hDVD
_mKALA
999 _c19417
_d19417